|
|
|
|
| LEADER |
02411nam a2200337 a 4500 |
| 001 |
0013410 |
| 003 |
BD-DhAAL |
| 008 |
090507s2004 njua b 001 0 eng d |
| 010 |
|
|
|a \\2003047903
|
| 020 |
|
|
|a 9812531122
|
| 040 |
|
|
|a DLC
|c DLC
|d DLC
|d BD-DhAAL
|
| 082 |
0 |
0 |
|a 621.3
|2 21
|
| 100 |
1 |
|
|a Bose, Tamal.
|9 42066
|
| 245 |
1 |
0 |
|a Digital signal and image processing /
|c Tamal Bose ; with Francois Meyer contributing Chapter 10 and Mei-Qin Chen contributing the Appendix.
|
| 260 |
|
|
|a Hoboken, NJ :
|b J. Wiley,
|c c2004.
|
| 300 |
|
|
|a xiv, 706 pages :
|b illustrations ;
|c 24 cm
|
| 504 |
|
|
|a Includes bibliographical references and index.
|
| 526 |
|
|
|a EEE
|x Course Name : Digital Signal Processing (EEE 542)
|
| 541 |
1 |
|
|e 0013410, 0018331
|a Paragon Enterprises LTD
|
| 650 |
|
0 |
|a Image processing
|x Digital techniques.
|9 42067
|
| 650 |
|
0 |
|a Holography
|x Data processing.
|9 42068
|
| 650 |
|
0 |
|a Signal processing
|x Digital techniques.
|9 42069
|
| 852 |
4 |
|
|a Ayesha Abed Library
|c General Stacks
|
| 942 |
|
|
|2 ddc
|c BK
|
| 999 |
|
|
|c 454
|d 454
|
| 952 |
|
|
|0 0
|1 0
|2 ddc
|4 0
|6 621_300000000000000_BOS
|7 0
|9 414
|a BRACUL
|b BRACUL
|c GEN
|d 2009-05-07
|g 555.00
|l 0
|o 621.3 BOS
|p 3010013410
|r 2009-05-07
|t 1
|w 2009-05-07
|y BK
|
| 952 |
|
|
|0 0
|1 0
|2 ddc
|4 0
|6 621_300000000000000_BOS_2004
|7 0
|9 10364
|a BRACUL
|b BRACUL
|c GEN
|d 2010-05-19
|e Paragon Enterprises LTD
|g 469.00
|l 0
|o 621.3 BOS
|p 3010018331
|r 2010-05-19
|t 3
|w 2010-05-19
|y BK
|x Requisitioned for course named- "Digital Signal Processing (EEE 542)".
|
| 952 |
|
|
|0 0
|1 0
|2 ddc
|4 0
|6 621_300000000000000_BOS_2004
|7 0
|9 10371
|a BRACUL
|b BRACUL
|c GEN
|d 2010-05-19
|e Paragon Enterprises LTD
|g 469.00
|l 0
|o 621.3 BOS
|p 3010018332
|r 2010-05-19
|t 4
|w 2010-05-19
|y BK
|x Requisitioned for course named- "Digital Signal Processing (EEE 542)".
|
| 952 |
|
|
|0 0
|1 0
|2 ddc
|4 0
|6 621_300000000000000_BOS_2004
|7 0
|9 10372
|a BRACUL
|b BRACUL
|c GEN
|d 2010-05-19
|e Paragon Enterprises LTD
|g 469.00
|l 1
|o 621.3 BOS
|p 3010018333
|r 2012-06-12
|s 2012-06-12
|t 5
|w 2010-05-19
|y BK
|x Requisitioned for course named- "Digital Signal Processing (EEE 542)".
|
| 952 |
|
|
|0 0
|1 0
|2 ddc
|4 0
|6 621_300000000000000_BOS_2004
|7 0
|9 10645
|a BRACUL
|b BRACUL
|c GEN
|d 2010-06-03
|e Paragon Enterprises LTD
|g 469.00
|l 2
|m 10
|o 621.3 BOS
|p 3010018334
|r 2018-01-29
|s 2018-01-21
|t 6
|w 2010-06-03
|y BK
|x Requisitioned for course named- "Digital Signal Processing (EEE 542)".
|
| 952 |
|
|
|0 0
|1 0
|2 ddc
|4 0
|6 621_300000000000000_BOS_2004
|7 0
|9 11084
|a BRACUL
|b BRACUL
|c GEN
|d 2010-06-17
|l 0
|o 621.3 BOS
|p 3010018043
|r 2010-06-17
|t 2
|w 2010-06-17
|y BK
|